The European Union and National Industrial Policy / (Record no. 13240)
[ view plain ]
| 000 -LEADER | |
|---|---|
| fixed length control field | 01381cam a2200313 a 4500 |
| 001 - CONTROL NUMBER | |
| control field | 1161479 |
| 005 - DATE AND TIME OF LATEST TRANSACTION | |
| control field | 20060807182114.0 |
| 008 - FIXED-LENGTH DATA ELEMENTS--GENERAL INFORMATION | |
| fixed length control field | 960215s1996 enk b 001 0 eng |
| 010 ## - LIBRARY OF CONGRESS CONTROL NUMBER | |
| LC control number | 96011345 |
| 020 ## - INTERNATIONAL STANDARD BOOK NUMBER | |
| International Standard Book Number | 041514177X (hbk. : alk. paper) |
| 020 ## - INTERNATIONAL STANDARD BOOK NUMBER | |
| International Standard Book Number | 0415141788 (pbk. : alk. paper) |
| 040 ## - CATALOGING SOURCE | |
| Original cataloging agency | DLC |
| Transcribing agency | DLC |
| Modifying agency | DLC |
| 043 ## - GEOGRAPHIC AREA CODE | |
| Geographic area code | e------ |
| 050 00 - LIBRARY OF CONGRESS CALL NUMBER | |
| Classification number | HD3616.E8 |
| Item number | E874 1996 |
| 082 00 - DEWEY DECIMAL CLASSIFICATION NUMBER | |
| Classification number | 338.94 |
| Edition number | 20 |
| Item number | EUR |
| 245 04 - TITLE STATEMENT | |
| Title | The European Union and National Industrial Policy / |
| Statement of responsibility, etc | Edited by Hussein Kassim and Anand Menon. |
| 260 ## - PUBLICATION, DISTRIBUTION, ETC. (IMPRINT) | |
| Place of publication, distribution, etc | London : |
| Name of publisher, distributor, etc | Routledge, |
| Date of publication, distribution, etc | c1996. |
| 300 ## - PHYSICAL DESCRIPTION | |
| Extent | x, 300 p. ; |
| Dimensions | 24 cm. |
| 490 #4 - Series Statement | |
| Series statement | The state and the European Union series |
| 504 ## - BIBLIOGRAPHY, ETC. NOTE | |
| Bibliography, etc | Includes bibliographical references and index. |
| 650 #0 - SUBJECT ADDED ENTRY--TOPICAL TERM | |
| Topical term or geographic name as entry element | Industrial policy |
| Geographic subdivision | European Union countries. |
| 9 (RLIN) | 10797 |
| 650 #0 - SUBJECT ADDED ENTRY--TOPICAL TERM | |
| Topical term or geographic name as entry element | Industrial policy |
| Geographic subdivision | European Union countries |
| General subdivision | Case studies. |
| 9 (RLIN) | 10798 |
| 700 1# - ADDED ENTRY--PERSONAL NAME | |
| Personal name | Kassim, Hussein, |
| Dates associated with a name | 1965- |
| 9 (RLIN) | 10799 |
| 700 1# - ADDED ENTRY--PERSONAL NAME | |
| Personal name | Menon, Anand, |
| Dates associated with a name | 1965- |
| 9 (RLIN) | 10800 |
| 856 42 - ELECTRONIC LOCATION AND ACCESS | |
| Materials specified | Publisher description |
| Uniform Resource Identifier | <a href="http://www.loc.gov/catdir/enhancements/fy0649/96011345-d.html">http://www.loc.gov/catdir/enhancements/fy0649/96011345-d.html</a> |
| 942 ## - ADDED ENTRY ELEMENTS (KOHA) | |
| Source of classification or shelving scheme | Dewey Decimal Classification |
| Item type | Book - Borrowing |
| Withdrawn status | Item status | Source of classification or shelving scheme | Damaged status | Not for loan | Vendor | Home library | Current library | Shelving location | Date acquired | Source of acquisition | Total Checkouts | Full call number | Barcode | Date last seen | Koha item type | Public note |
|---|---|---|---|---|---|---|---|---|---|---|---|---|---|---|---|---|
| Dewey Decimal Classification | Donation-Gift | Central Library | Central Library | First floor | 01/02/2010 | Donation | 338.94 EUR | 000019142 | 15/07/2025 | Book - Borrowing | Donated by : Dr. Bassem Ahmed |